000 00820nam a2200253Ia 4500
001 9781
003 GE_BSU
008 181216s||||||||xx |||||||||||||| ||und||
020 _a9992843993
040 _cGE_BSU
080 _a821.353.1–1
100 _aკეჟერაძე,ზაქრო
245 _aხიხანის ციხის სიზმარი
245 _bლექსები
245 _cრედ.ჯემალ ხოფერია.მხატვ.ომარ მეგრელიშვილი
260 _aბათუმი
260 _bალიონი
260 _c2005
300 _a174გვ.ფოტო.17სმ.
541 _h3ლ.
653 _aლექსები
653 _aხიხანის ციხის სიზმარი
942 _cBK
999 _c43061
_d43061